000 00292nam a22001337a 4500
003 SGT
082 _a615.53
_bP16M
100 _aMISHRA, YOGESH CHANDRA
245 _aPADARTHA VIGNANA
260 _aVARANSI
_bCHAUKHAMBHA PUB
_c2016
300 _a606
650 _aAYURVEDA
942 _2ddc
_cBK
_013
999 _c11292
_d11292